000
00381nam a2200181Ia 4500
003
IT-RoPAU
008
120407s9999 xx 000 0 und d
040
_a
IT-RoPAU
040
_c
IT-RoPAU
100
_a
Ireneo di Lione
100
_c
sant'
245
_a
Contro le eresie (vol. II)
250
_a
Siena
260
_a
Cantagalli
300
_c
cm
490
_v
1
942
_c
BK
999
_c
1542
_d
1542